000 00737nam a2200265Ia 4500
005 20260121165942.0
008 008 260114s9999 xx 000 0 eng d
020 _a9783319309736
037 _aEBOOK
040 _aCRL
040 _beng
040 _cCRL
041 _2eng
041 _aeng
084 _qCRL
100 _aPietro Zanuttigh, Giulio Marin, Carlo Dal Mutto, Fabio Dominio, Ludovico Minto, Guido Maria Cortelazzo
_91058014
245 0 _aTime-of-Flight and Structured Light Depth Cameras
260 _bSpringer
260 _bSpringer
260 _c2016
856 _uhttps://link.springer.com/openurl?genre=book&isbn=978-3-319-30973-6
942 _cEBOOK
999 _c1623743
_d1623743